Уақыт белдеуі (Бичлэгийн дугаар. 1156132)

MARC дэлгэрэнгүй
000 -Удирдлага
Ном зүйн бүртгэл тоо буюу кодлох утгыг агуулсан 00747nam a22002417a 4500
003 - ХЯНАЛТЫН ТОО ТОДОРХОЙЛОГЧ
Код MN-UlNLM
005 - ХАМГИЙН СҮҮЛИЙН ҮЕИЙН ХЭЛЦЛИЙН ОГНОО БА ЦАГ
Тухайн бичилтийг бичсэн засварласан сүүлийн огноо. 20260303155254.0
008 - ЕРӨНХИЙ МЭДЭЭЛЭЛ-ЭЛЕМЕНТҮҮДИЙН ӨГӨГДЛИЙН УРТ
fixed length control field 260303b mp ||||| |||| 00| 0 mon d
020 ## - ОЛОН УЛСЫН СТАНДАРТ НОМЫН ДУГААР-ISBN
Олон Улсын Стандарт Номын Дугаар 9789965225062
040 ## - ЭХ СУРВАЛЖИЙГ ТОДОРХОЙЛОН БИЧИХ
Анхны каталогийн байгууллага Уақыт белдеуі
Каталогийн хэл Казак
Бичлэг хийж нэвтрүүлэх байгууллага MN-UlNLM
Өөрчлүүлэх байгууллага MN-UlNLM
Бичиглэлийн тодорхойлолт rda
084 ## - БУСАД АНГИЛЛЫН ДУГААР
Ангиллын нэр Номын сан номзүйн ангилал
Анги 84(5Каз)-5
Зохиогчийн 3-н тэмдэгт Б31
Шинжлэх ухааны мэдлэгийн салбар Уран зохиол - 84
100 ## - ЗОХИОГЧИЙН ХЭСЭГ
Зохиогчийн нэр Баят, Е.
Зохиогчийн бүтэн овог нэр Баят Ерболат
245 1# - ҮНДСЭН ГАРЧИГ
Гарчиг Уақыт белдеуі
264 #1 - ГАРАЛТЫН МЭДЭЭ
Хэвлэгдсэн газар Алматы :
Бүтээгч, хэвлэгч, түгээгч, үйлдвэрлэгчийн нэр "Қазығұрт"
Хэвлэгдсэн он 2015
300 ## - ТООНЫ МЭДЭЭ
Хуудасны тоо 208 хуудастай :
Хэмжээ 20 см
336 ## - АГУУЛГЫН ТӨРӨЛ
Нөөц rdaconnect
Агуулгын төрлийн нөхцөл text
Агуулгын төрлийн код txt
337 ## - MEDIA TYPE
Эх сурвалж rdamedia
Файлын төрөл unmediated
Файлын код n
338 ## - CARRIER TYPE
Source rdacarrier
Carrier type term volume
Carrier type code nc
500 ## - НОМЫН ТОВЧ АГУУЛГА
Дэлгэрэнүй тайлбар Өлеңдер
653 ## - ТҮЛХҮҮР ҮГС
Түлхүүр үг Өлеңдер
740 ## - НОМЫН АГУУЛГЫН ГАРЧИГ
Номын гарчгууд өлеңдер
942 ## - ЭЛЕМЕНТИЙН ТӨРӨЛ
Анги Номын сан номзүйн ангилал
Төрөл Ном
Захиалгууд
Буцаан татагдсан төлөв Хасагдсан шалтгаан Гэмтсэн төлөв Данс заагч Захиалах боломжгүй Үндсэн номын сан Одоогийн байршил Салбар танхим Салбар танхим Бүртгэсэн огноо Бүрдүүлэлтийн эх үүсвэр Тавиурын заалт Баркод Үнэ Хамгийн сүүлд байсан огноо Нийт уншлаганд гарсан тоо Дансны дугаар Ангиллын нэр Төрөл
          Баян-Өлгий аймаг Баян-Өлгий аймаг Баян-Өлгий | Насанд хүрэгчдийн танхим Баян-Өлгий | Насанд хүрэгчдийн танхим 2026-03-03 Бэлэг, хандив 84(5Каз)-5 Б31 BU0188851256 12000.00 2026-03-03   51256 Номын сан номзүйн ангилал Ном